Les Monstres Toon dans Yu-Gi-Oh! - Statistiques

Statistiques générales
  • Ce quiz a été pris 27 fois
  • Le résultat moyen est 6 sur 13
Statistiques - réponses
Monstres Toon % Correct
Dragon Toon aux Yeux Bleus
88%
Magicienne des Ténèbres Toon
76%
Magicien Sombre Toon
76%
Sirène Toon
72%
Crâne Invoqué Toon
64%
Dragon Toon aux Yeux Rouges
48%
Soldat du Lustre Noir Toon
36%
Cyber Dragon Toon
32%
Elfe Gemini Toon
32%
Buster Blader Toon
28%
Golem Rouages Ancients Toon
24%
Sorcier Masqué Toon
24%
Revolver Dragon Toon
8%
Aucun quiz correspondant
Distribution des résultats
% des personnes avec chaque résultat
Percentile par nombre de réponses
Votre historique - résultats
Vous n’avez pas pris ce quiz